000 00422nam a2200097Ia 4500
008 180130s9999 xx 000 0 und d
245 _cBernstein, Shmuel
_aDedalus and Icarus: thoughts on relations between fathers and adolescent sons
260 _c2014
300 _aBook title: Play : psychoanalytic perspectives, survival and human development--Acession number C18636; pages 160-171
650 _aPLAY--PSYCHOLOGICAL ASPECTS
999 _c354514
_d354514